000 00715nam a22002417a 4500
003 0
005 20180801145212.0
008 0
010 _aB-058911
020 _a8173914001
_c850.00
035 _aB-058911, B-058912
037 _bCen Lib / Ret
040 _aDPL
_bEN
_c0
082 _a060
_bCHA
100 _aSnehlata Chandra
245 _aNon-Governmental organisations :
_bstructure, relevance and function /
260 _aNew Delhi
_bKanishka Publishers, Distributors
_c2001
270 _aKanishka Publishers, Distributors
_bNew Delhi
_e10002
300 _a450p ;
_c27cm(Hb)
650 _aNon-governmental organizations.
650 _aGlobalization.
942 _2ddc
_cEN
_h060
_mCHA
999 _c137122
_d137122